1538 1442 1857 1782 1990 1057 1570 1944 1638 1496 1950 1308 1040 1796 1667 1450 1713 1599 1987 1346 1665 1009 1057 1111 1712 1527 1650 1921 1236 1977 1249 1106 1318 1531 1086 1280 1281 1988 1242 1034 1706 1616 1396 1046 1252 1535 1449 1463 1348 1071 1871 1186 1642 1491 1272 1839 1087 1334 1993 1115 1403 1746 1292 1620 1203 1074 1043 1226 1435 1570 1243 1686 1865 1813 1400 1101 1578 1656 1057 1511 1968 1335 1847 1697 1279 1990 1677 1852 1694 1398 1592 1898 1346 1041 1829 1664 1137 1808 1561 BCNSPRNW ULIB Ver.6.0+V

เปลี่ยนเป็นภาษาไทย

Change to English
 แสดงรายละเอียดบรรณานุกรม
  กลับหน้าหลัก

Brief Record : Get Marc (ISO 2709) : E-mail record : QR code < ปิดหน้าต่าง
LEADER : 00000nam 2200000uu 4500
001    13399120796
003     ULIB
008    121017s2545||||th 000 0 tha d
020    ^a9746436333 (ล.2)
050  4 ^aBF637.C6^bส719จ ล.2
245 00 ^aทฤษฎีและแนวปฏิบัติในการให้การปรึกษา หน่วยที่ 9-15=^bTheory and Practice in Counseling /^cสาขาวิชาศึกษาศาสตร์ มหาวิทยาลัยสุโขทัยธรรมาธิราช
246 31 ^aTheory and Practice in Counseling
250    ^aพิมพ์ครั้งที่ 1
260    ^aนนทบุรี :^bสำนักพิมพ์ มสธ.,^c2545
300    ^a2 เล่ม
500    ^aเอกสารการสอนชุดวิชาทฤษฎีและแนวปฏิบัติในการให้การปรึกษา
650  7 ^aจิตวิทยา
710 2  ^aมหาวิทยาลัยสุโขทัยธรรมาธิราช. ^bสาขาวิชาศึกษาศาสตร์
945    ^p0^l0^i24439
995    ^aทศพร
999    ^aทศพร เกษรทอง
รายการนี้ยังไม่มีแท็ก
คุณยังไม่ได้ล็อกอิน คุณสามารถมีกิจกรรมร่วมกับเว็บไซต์ได้ แต่ต้องล็อกอินก่อน ::
  ล็อกอิน

รายการสื่อสารสนเทศ

ลำดับที่ ประเภท เลขเรียก/บาร์โค้ด สถานที่ สถานะ
1. วิทยาศาสตร์การแพทย์ และสุขภาพ
วิทยาศาสตร์การแพทย์ และสุขภาพ
BF637.C6 ส719จ ล.2 ฉ.1 
  Barcode: 24439
ห้องสมุดวิทยาเขตสวรรค์ประชารักษ์
►หนังสือทั่วไป
บนชั้น

รายการใกล้เคียง
    หัวเรื่อง [จิตวิทยา]

BibComment


ยังไม่เคยถูกคอมเมนท์

คอมเมนท์ทรัพยากรรายการนี้
  คอมเมนท์: ทฤษฎีและแนวปฏิบั..


 Copyright 2026. Bcnsprnw @Library